000 nam a22 7a 4500
999 _c16628
_d16628
008 161115b xxu||||| |||| 00| 0 eng d
050 _aR 838.5 .K37 2012
100 _aKaplan
_d2012
245 _aMCAT:
_bPhysics Review Notes/
_cKaplan
260 _aUSA:
_bAssociation of American Medical Colleges,
_c2012.
300 _a565p.:
_bill.;
650 _aMedical college- Entrance examinations.
650 _aPhysics.
942 _2lcc
_cBOOKS
_hR 838.5 .K37 2012